Úloha a povinnosti amerického znalce v oboru účetnictví. 2

Rozdiely medzi účtovníctvom a auditom. Základné podmienky, ktoré musí plniť audit. Rôzne typy auditov a rôzne typy audítorov. Vzťah medzi účtovníctvom a auditom. Audit účtovnej závierky. Audítorské štandardy a ich schvaľovanie. Forma audítorskej správy, audítorské hodnotenie.

Salvato in:
Dettagli Bibliografici
Autore principale: Gottlieb, M.
Natura: Capitolo di libro
Lingua:ceco
Soggetti:
Tags: Aggiungi Tag
Nessun Tag, puoi essere il primo ad aggiungerne!!

MARC

LEADER 00000naa a2200000 4500
001 r015285
005 20221213083414.3
041 0 |a cze 
044 |a CZ 
245 1 0 |a Úloha a povinnosti amerického znalce v oboru účetnictví. 2  |c M. Gottlieb 
520 |a Rozdiely medzi účtovníctvom a auditom. Základné podmienky, ktoré musí plniť audit. Rôzne typy auditov a rôzne typy audítorov. Vzťah medzi účtovníctvom a auditom. Audit účtovnej závierky. Audítorské štandardy a ich schvaľovanie. Forma audítorskej správy, audítorské hodnotenie. 
610 2 0 |a audítorstvo 
610 2 0 |a audítori 
610 2 0 |a revízia účtovná 
610 2 0 |a účtovníctvo 
610 2 0 |a USA 
610 2 0 |a štandardizácia 
610 2 0 |a závierka účtovná 
100 1 |a Gottlieb, M.